000
00303nam a22001337a 4500
082
_a
894.812.3
_b
TOL/E
100
_a
TOLSTOY
245
_a
IVAN ILIYICHINTE MARANAM
250
_a
FIRST
260
_a
KOTTAYM
_b
SAHITHYA PRAVARTHAKA C.S LTD.
_c
1958
300
_a
104
650
_a
STORY
_z
KERALA
942
_c
BK
999
_c
1452
_d
1452